| 000 | 00475nam a2200121Ia 4500 | ||
|---|---|---|---|
| 008 | 171212s9999 xx 000 0 und d | ||
| 020 | _a9780833081094 | ||
| 100 | _aPaul, Christopher;Clarke, Colin P.;Grill, Beth;Dunigan, Molly | ||
| 245 |
_cPaul, Christopher;Clarke, Colin P.;Grill, Beth;Dunigan, Molly _aPaths to Victory _bDetailed Insurgency Case Studies |
||
| 260 |
_bRAND Corporation _c2013 |
||
| 650 | _aHistory | ||
| 856 | _uhttp://www.jstor.org/stable/10.7249/j.ctt5hhsjk | ||
| 999 |
_c352398 _d352398 |
||